000 00446nam a2200169Ia 4500
005 20250423100107.0
008 250422s9999 xx 000 0 und d
020 _a0- 323- 00998- 0
050 _aRT120.15M3644/
100 _aPamela L. Swearingen
245 0 _aManual of critical care nursing: nursing interventions and collaborative management
250 _a4th ed.
260 _bMosby
260 _c2001
300 _a796 p
942 _cBK
999 _c32266
_d32266